000 00879nam a2200205Ii 4500
003 JO-AjNU
008 230605s9999||||xx |||||||||||||| ||und||
040 _aJO-AjNU
_bara
_erda
_cJO-AjNU
041 _aara
050 1 4 _aBP187.48.2000
100 3 _aبقلم بكداش، سائد، م.مشارك للحافظ ابن حجر,
_eauthor
_962072
245 0 0 _aفضل ماء زمزم وذكر تاريخية واسمائة وخصائصة وبركاتة ونية شربة واحكامة والاستشفاء به وجملة من الاشعار في مدحة
250 _aط6
264 3 1 _aبيروت: دار البشائر الاسلامية للطباعة والنشر والتوزيع، 2000
300 _a311ص
336 _atext
_btxt
_2rdacontent
337 _aunmediated
_bn
_2rdamedia
338 _avolume
_bnc
_2rdacarrier
650 4 _aالحديث-بئر زمزم
_962073
999 _aA28089
_c31657
_d31657